Science Quiz

Random Science Quiz
Score 0/17 Timer 10:00
0 Plays Today
% Correct
Ester
95.8%
Anhýdríð
95.8%
Karboxýl sýra
94.4%
Aldehýð
90.3%
Nítríl
88.9%
Keton
88.9%
Alkóhól
88.9%
Þíól
88.9%
Amíð
87.5%
% Correct
Amín
87.5%
Sýru halíð
84.7%
Alkene
80.6%
Alkyne
80.6%
Alkane
80.6%
Ether
75%
Nítró
68.1%
Alkýl halíð
66.7%
Remove Ads.
Support Sporcle.
Get the best of Sporcle when you Go Orange. This ad-free experience offers more features, more stats, and more fun while also helping to support Sporcle. Thank you for becoming a member.

You're not logged in!

Compare scores with friends on all Sporcle quizzes.
OR
Log In

Show Comments

Extras

Created Dec 18, 2012ReportNominate

Top Quizzes Today


Score Distribution

Your Account Isn't Verified!

In order to create a playlist on Sporcle, you need to verify the email address you used during registration. Go to your Sporcle Settings to finish the process.

Report this User

Report this user for behavior that violates our Community Guidelines.

Details: